<?xml version="1.0" encoding="UTF-8"?>
<record
    xmlns:xsi="http://www.w3.org/2001/XMLSchema-instance"
    xsi:schemaLocation="http://www.loc.gov/MARC21/slim http://www.loc.gov/standards/marcxml/schema/MARC21slim.xsd"
    xmlns="http://www.loc.gov/MARC21/slim">

  <leader>01567nam a2200337 i 4500</leader>
  <controlfield tag="003">DO-SdBNP</controlfield>
  <controlfield tag="005">20260507132845.0</controlfield>
  <controlfield tag="006">a||||fr|||| 00| 0 </controlfield>
  <controlfield tag="007">ta</controlfield>
  <controlfield tag="008">230601b2002    dr  |||| |||| 00| 0 spa d</controlfield>
  <datafield tag="020" ind1=" " ind2=" ">
    <subfield code="a">9993425265</subfield>
  </datafield>
  <datafield tag="040" ind1=" " ind2=" ">
    <subfield code="a">DO-SdBNP</subfield>
    <subfield code="b">spa</subfield>
    <subfield code="c">BNPHU</subfield>
    <subfield code="e">rda</subfield>
  </datafield>
  <datafield tag="082" ind1=" " ind2="4">
    <subfield code="a">303.33</subfield>
    <subfield code="b">V483p</subfield>
    <subfield code="2">22</subfield>
  </datafield>
  <datafield tag="100" ind1="1" ind2=" ">
    <subfield code="a">Verdesoto, Luis</subfield>
    <subfield code="9">83836</subfield>
    <subfield code="e">autor</subfield>
  </datafield>
  <datafield tag="245" ind1="1" ind2="0">
    <subfield code="a">Pol&#xED;ticas P&#xFA;blicas de Est&#xED;mulo al Control Social de la Gesti&#xF3;n P&#xFA;blica :</subfield>
    <subfield code="b">dimensiones conceptuales /</subfield>
    <subfield code="c">Luis Verdesoto</subfield>
  </datafield>
  <datafield tag="264" ind1=" " ind2="4">
    <subfield code="a">Santo Domingo :</subfield>
    <subfield code="b">INTEC,</subfield>
    <subfield code="c">2002.</subfield>
  </datafield>
  <datafield tag="300" ind1=" " ind2=" ">
    <subfield code="a">88 p&#xE1;ginas ;</subfield>
    <subfield code="c">28 cm.</subfield>
  </datafield>
  <datafield tag="336" ind1=" " ind2=" ">
    <subfield code="2">rdacontent</subfield>
    <subfield code="a">texto</subfield>
    <subfield code="b">txt</subfield>
  </datafield>
  <datafield tag="337" ind1=" " ind2=" ">
    <subfield code="2">rdamedia</subfield>
    <subfield code="a">sin mediaci&#xF3;n</subfield>
    <subfield code="b">n</subfield>
  </datafield>
  <datafield tag="338" ind1=" " ind2=" ">
    <subfield code="2">rdacarrier</subfield>
    <subfield code="a">volumen</subfield>
    <subfield code="b">nc</subfield>
  </datafield>
  <datafield tag="490" ind1=" " ind2=" ">
    <subfield code="a">sociedad civil </subfield>
  </datafield>
  <datafield tag="490" ind1=" " ind2=" ">
    <subfield code="a">Documentos de trabajo ;</subfield>
    <subfield code="x">13</subfield>
  </datafield>
  <datafield tag="500" ind1=" " ind2=" ">
    <subfield code="a">Programa de fortalecimiento de Organizaciones de la Sociedad Civil.</subfield>
  </datafield>
  <datafield tag="505" ind1=" " ind2=" ">
    <subfield code="t">Presentaci&#xF3;n --</subfield>
    <subfield code="t">Nota preliminar --</subfield>
    <subfield code="t">Antecedentes --</subfield>
    <subfield code="t">La problem&#xE1;tica: participaci&#xF3;n y responsabilidad --</subfield>
    <subfield code="t">Reconformaci&#xF3;n y refuncionalizaci&#xF3;n del estado --</subfield>
    <subfield code="t">La reconformaci&#xF3;n de lo p&#xFA;blico</subfield>
    <subfield code="t">Algunos temas pertinentes a Rep&#xFA;blica Dominicana --</subfield>
    <subfield code="t">La contralor&#xED;a social --</subfield>
    <subfield code="t"> Las condiciones del control social --</subfield>
    <subfield code="t">Bibliograf&#xED;a General sobre Participaci&#xF3;n y Control de la Gesti&#xF3;n P&#xFA;blica --</subfield>
    <subfield code="t">Anexo: Una propuesta metodol&#xF3;gica de concertaci&#xF3;n /</subfield>
  </datafield>
  <datafield tag="590" ind1=" " ind2=" ">
    <subfield code="a">Inventariado, 2023/ YL</subfield>
  </datafield>
  <datafield tag="650" ind1=" " ind2="0">
    <subfield code="a">Control social </subfield>
    <subfield code="9">83837</subfield>
  </datafield>
  <datafield tag="650" ind1=" " ind2="0">
    <subfield code="a">Participaci&#xF3;n social </subfield>
    <subfield code="9">77777</subfield>
  </datafield>
  <datafield tag="650" ind1=" " ind2="4">
    <subfield code="a">Sociedad civil </subfield>
    <subfield code="z">Rep&#xFA;blica Dominicana</subfield>
    <subfield code="9">14011</subfield>
  </datafield>
  <datafield tag="910" ind1=" " ind2=" ">
    <subfield code="a">YLockward</subfield>
  </datafield>
  <datafield tag="942" ind1=" " ind2=" ">
    <subfield code="2">ddc</subfield>
    <subfield code="c">LBS1</subfield>
  </datafield>
  <datafield tag="952" ind1=" " ind2=" ">
    <subfield code="0">0</subfield>
    <subfield code="1">0</subfield>
    <subfield code="2">ddc</subfield>
    <subfield code="5">1</subfield>
    <subfield code="7">0</subfield>
    <subfield code="8">PD</subfield>
    <subfield code="a">BNPHU</subfield>
    <subfield code="b">BNPHU</subfield>
    <subfield code="c">HD</subfield>
    <subfield code="d">2022-11-09</subfield>
    <subfield code="e">Intec</subfield>
    <subfield code="l">0</subfield>
    <subfield code="o">BNPHU PD 303.33 V483p</subfield>
    <subfield code="p">2023-5075</subfield>
    <subfield code="r">2023-07-31</subfield>
    <subfield code="w">2023-07-31</subfield>
    <subfield code="y">LBS1</subfield>
  </datafield>
  <datafield tag="952" ind1=" " ind2=" ">
    <subfield code="0">0</subfield>
    <subfield code="1">0</subfield>
    <subfield code="2">ddc</subfield>
    <subfield code="5">1</subfield>
    <subfield code="7">0</subfield>
    <subfield code="8">PD</subfield>
    <subfield code="a">BNPHU</subfield>
    <subfield code="b">BNPHU</subfield>
    <subfield code="c">HD</subfield>
    <subfield code="d">2022-11-09</subfield>
    <subfield code="e">Intec</subfield>
    <subfield code="l">0</subfield>
    <subfield code="o">BNPHU PD 303.33 V483p</subfield>
    <subfield code="p">2023-5076</subfield>
    <subfield code="r">2023-07-31</subfield>
    <subfield code="t">e. 2</subfield>
    <subfield code="w">2023-07-31</subfield>
    <subfield code="y">LBS1</subfield>
  </datafield>
  <datafield tag="952" ind1=" " ind2=" ">
    <subfield code="0">0</subfield>
    <subfield code="1">0</subfield>
    <subfield code="2">ddc</subfield>
    <subfield code="5">6</subfield>
    <subfield code="7">0</subfield>
    <subfield code="8">DS</subfield>
    <subfield code="a">BNPHU</subfield>
    <subfield code="b">BNPHU</subfield>
    <subfield code="c">HD</subfield>
    <subfield code="d">2022-11-09</subfield>
    <subfield code="e">Intec</subfield>
    <subfield code="l">0</subfield>
    <subfield code="o">BNPHU PD 303.33 V483p</subfield>
    <subfield code="p">2023-5077</subfield>
    <subfield code="r">2023-07-31</subfield>
    <subfield code="t">e. 3</subfield>
    <subfield code="w">2023-07-31</subfield>
    <subfield code="y">LBS1</subfield>
  </datafield>
  <datafield tag="952" ind1=" " ind2=" ">
    <subfield code="0">0</subfield>
    <subfield code="1">0</subfield>
    <subfield code="2">ddc</subfield>
    <subfield code="5">6</subfield>
    <subfield code="7">0</subfield>
    <subfield code="8">DS</subfield>
    <subfield code="a">BNPHU</subfield>
    <subfield code="b">BNPHU</subfield>
    <subfield code="c">HD</subfield>
    <subfield code="d">2022-11-09</subfield>
    <subfield code="e">Intec</subfield>
    <subfield code="l">0</subfield>
    <subfield code="o">BNPHU PD 303.33 V483p</subfield>
    <subfield code="p">2023-5078</subfield>
    <subfield code="r">2023-07-31</subfield>
    <subfield code="t">e. 4</subfield>
    <subfield code="w">2023-07-31</subfield>
    <subfield code="y">LBS1</subfield>
  </datafield>
  <datafield tag="952" ind1=" " ind2=" ">
    <subfield code="0">0</subfield>
    <subfield code="1">0</subfield>
    <subfield code="2">ddc</subfield>
    <subfield code="5">6</subfield>
    <subfield code="7">0</subfield>
    <subfield code="8">DS</subfield>
    <subfield code="a">BNPHU</subfield>
    <subfield code="b">BNPHU</subfield>
    <subfield code="c">HD</subfield>
    <subfield code="d">2022-11-09</subfield>
    <subfield code="e">Intec</subfield>
    <subfield code="l">0</subfield>
    <subfield code="o">BNPHU PD 303.33 V483p</subfield>
    <subfield code="p">2023-5079</subfield>
    <subfield code="r">2023-07-31</subfield>
    <subfield code="t">e. 5</subfield>
    <subfield code="w">2023-07-31</subfield>
    <subfield code="y">LBS1</subfield>
  </datafield>
  <datafield tag="999" ind1=" " ind2=" ">
    <subfield code="c">54267</subfield>
    <subfield code="d">54267</subfield>
  </datafield>
</record>
